000 01764nam a2200457 c 4500
001 53618
003 ES-MaCES
005 20250325105827.0
007 cr |||||||||||
008 250313s2024 sp r 000 | spa d
017 _aBI 01082-2024
_bDL
020 _a9788419751003
040 _aES-MaCES
_bspa
_cES-MaCES
100 1 _924223
_aSolaz Alamá, Marta
245 1 0 _aEspaña ante los impactos recientes sobre las cadenas de valor globales y la integración comercial internacional
_cdir. por, Francisco Pérez García e Iván Arribas Fernández ; [autores], Marta Solaz Alamà, Eva Benages Candau, Miguel Ángel Casquet Cano
250 _a1ª ed
260 _aBilbao
_bFundación BBVA
_c2024
300 _a255 p.
_c24 cm
_e1 documento pdf (4,17 mb)
504 _aBibliografía: p. 231-240
541 _cCompra
650 4 _aglobalización económica
_930653
650 4 _aplanificación de la producción
_929414
650 4 _aindustrias manufactureras
_927622
650 4 _aintegración económica
_927962
650 4 _acomercio internacional
_927958
650 4 _arelaciones comerciales
_927965
650 4 _apolítica de comercio internacional
_927989
650 4 _aevaluación del impacto
_930732
650 4 _aconsecuencias económicas
_927082
650 4 _aEspaña
_926964
650 4 _a1995-2022
_940958
653 1 0 _aComercio internacional
700 1 _aBenages Candau, Eva
_97478
700 1 _aCasquet Cano, Miguel Ángel
_941322
700 1 _aPérez García, Francisco
_920776
_edir.
700 1 _aArribas Fernández, Iván
_96597
_edir.
710 2 _aFundación BBVA
_eed.
_93766
856 4 _uhttp://biblioteca.ces.es/repintra/B53618.pdf
_ytexto completo
_z[intranet]
902 _aLIB Libro
942 _2CES
_cBK
_h0.0.
999 _c53618
_d53618